how i met your mother episodes part 1 - Statistics

General Stats
  • This quiz has been taken 40 times
  • The average score is 19 of 88
Answer Stats
season episode name % Correct
1 Pilot
91%
Purple Giraffe
50%
The Pineapple Incident
44%
The Wedding
35%
Brunch
32%
Slap Bet
32%
Swarley
32%
Ted Mosby: Architect
32%
Aldrin Justice
29%
Atlantic City
29%
Milk
29%
Return of the Shirt
29%
3 Wait For It
29%
Dowisetrepla
26%
Game Night
26%
Nothing Good Happens after 2
26%
The Limo
26%
we're Not From Here
26%
2 Where Were We?
26%
Come on
24%
Cupcake
24%
Little Boys
24%
Mary the Paralegal
24%
Okay Awesome
24%
Something Blue
24%
Something Borrowed
24%
Ten sessions
24%
The Duel
24%
The Scorpion and the Toad
24%
The Slutty Pumpkin
24%
Zip, Zip, Zip
24%
Belly Full of Turkey
21%
Drumroll, Please
21%
How Lily Stole Christmas
21%
Life Among the Gorillas
21%
Lucky Penny
21%
Monday Night Football
21%
Moving Day
21%
Shelter Island
21%
Showdown
21%
Single Stamina
21%
Stuff
21%
The Goat
21%
The Leap
21%
Third Wheel
21%
World's Greatest Couple
21%
Arrivederci, Fiero
18%
As fast as She Can
18%
Bachelor Party
18%
Best Prom Ever
18%
Columns
18%
First Time in New York
18%
How I Met Everyone Else
18%
I Heart NJ
18%
I'm Not That Guy
18%
Little Minnesota
18%
Matchmaker
18%
old King Clancy
18%
Sandcastles in the Sand
18%
Slapsgiving
18%
The Best Burger in New York
18%
The Fight
18%
The Platinum Rule
18%
The Sweet Taste of Liberty
18%
The Yips
18%
4 Do I Know You?
15%
Everything Must Go
15%
Intervention
15%
Miracles
15%
Murtaugh
15%
Not a Father's Day
15%
Rebound Bro
15%
Sorry, Bro
15%
The Bracket
15%
The Front Porch
15%
The Three Days Rule
15%
Three Days of Snow
15%
Benefits
12%
Happily Ever After
12%
Mosbius Designs
12%
No tomorrow
12%
Possimpible
12%
Right Place Right Time
12%
Spoiler Alert
12%
The Chain of Screaming
12%
The Naked Man
12%
The Stinsons
12%
Woooo!
12%
No matching quizzes found
Score Distribution
Percent of People with Each Score
Percentile by Number Answered
Your Score History
You have not taken this quiz